| 000 | 01527nam a22002537a 4500 | ||
|---|---|---|---|
| 003 | Uzh_bibl | ||
| 008 | 260415b |||||||| |||| 00| 0 ukr d | ||
| 020 |
_a5-308-01371-3 _c4.90 |
||
| 040 | _bукр. | ||
| 041 |
_2ukr _aukr |
||
| 080 | _a94(477) | ||
| 090 |
_a94(477) _bА 76 |
||
| 100 | _aАпанович ,Олена | ||
| 245 |
_aРозповіді про запорозьких козаків _cред.М.Н.Москаленко _hТекст |
||
| 260 |
_aКиїв _bДніпро _c1991 |
||
| 300 |
_a335 с. _fВ опр. |
||
| 520 | _aУ книжці відомого історика зібрано надзвичайно цікаві, як правило, маловідомі матеріали з історії запорізького лицарства висвітлено тривалий час замовчувані трагічні й героїчні сторінки козацької січової епопеї, сказано гірку правду про політику українського народу та української державності. Друкуються також вибрані козацькі пісні та думи. | ||
| 521 | _aДля широкого кола читачів | ||
| 546 | _aукр. | ||
| 650 | _aЛітературно-художне видання | ||
| 653 |
_aКозацькі пісні _aУкраїнська державність _aКозацька січ |
||
| 655 | _aІсторична література | ||
| 942 |
_2udc _cBK |
||
| 999 |
_c17328 _d17328 |
||